<?xml version="1.0" encoding="UTF-8"?><?xml-stylesheet type="text/xsl" href="static/style.xsl"?><OAI-PMH xmlns="http://www.openarchives.org/OAI/2.0/" xmlns:xsi="http://www.w3.org/2001/XMLSchema-instance" xsi:schemaLocation="http://www.openarchives.org/OAI/2.0/ http://www.openarchives.org/OAI/2.0/OAI-PMH.xsd"><responseDate>2026-04-26T22:01:06Z</responseDate><request verb="GetRecord" identifier="oai:uvadoc.uva.es:10324/62369" metadataPrefix="marc">https://uvadoc.uva.es/oai/request</request><GetRecord><record><header><identifier>oai:uvadoc.uva.es:10324/62369</identifier><datestamp>2025-02-18T11:31:37Z</datestamp><setSpec>com_10324_1191</setSpec><setSpec>com_10324_931</setSpec><setSpec>com_10324_894</setSpec><setSpec>col_10324_1381</setSpec></header><metadata><record xmlns="http://www.loc.gov/MARC21/slim" xmlns:doc="http://www.lyncode.com/xoai" xmlns:xsi="http://www.w3.org/2001/XMLSchema-instance" xmlns:dcterms="http://purl.org/dc/terms/" xsi:schemaLocation="http://www.loc.gov/MARC21/slim http://www.loc.gov/standards/marcxml/schema/MARC21slim.xsd">
<leader>00925njm 22002777a 4500</leader>
<datafield tag="042" ind1=" " ind2=" ">
<subfield code="a">dc</subfield>
</datafield>
<datafield tag="720" ind1=" " ind2=" ">
<subfield code="a">Anzola Rojas, Camilo</subfield>
<subfield code="e">author</subfield>
</datafield>
<datafield tag="720" ind1=" " ind2=" ">
<subfield code="a">Durán Barroso, Ramón José</subfield>
<subfield code="e">author</subfield>
</datafield>
<datafield tag="720" ind1=" " ind2=" ">
<subfield code="a">Miguel Jiménez, Ignacio de</subfield>
<subfield code="e">author</subfield>
</datafield>
<datafield tag="720" ind1=" " ind2=" ">
<subfield code="a">Merayo Álvarez, Noemí</subfield>
<subfield code="e">author</subfield>
</datafield>
<datafield tag="720" ind1=" " ind2=" ">
<subfield code="a">Aguado Manzano, Juan Carlos</subfield>
<subfield code="e">author</subfield>
</datafield>
<datafield tag="720" ind1=" " ind2=" ">
<subfield code="a">Fernández Reguero, Patricia</subfield>
<subfield code="e">author</subfield>
</datafield>
<datafield tag="720" ind1=" " ind2=" ">
<subfield code="a">Lorenzo Toledo, Rubén Mateo</subfield>
<subfield code="e">author</subfield>
</datafield>
<datafield tag="720" ind1=" " ind2=" ">
<subfield code="a">Abril Domingo, Evaristo José</subfield>
<subfield code="e">author</subfield>
</datafield>
<datafield tag="260" ind1=" " ind2=" ">
<subfield code="c">2022</subfield>
</datafield>
<datafield tag="520" ind1=" " ind2=" ">
<subfield code="a">Resiliency (fault tolerance) is an important aspect in communication networks: a robust and well-planned network must have a strategy to face equipment failures. The planning of Multi-Access Edge Computing (MEC) systems should not only consider computing resources, but also the fiber connections to base stations (BSs) and to the WAN network gateway. This joint design is particularly important in sparsely populated areas (e.g., rural areas), as the distances are much longer than in urban environments. When solving the planning problem for these systems, reserving backup resources for both computing and networks is a must to ensure resiliency. In this paper, we propose and compare different strategies for the planning of resilient MEC networks assuming that there are backup resources for both MEC servers and fibers. The method provides protection against single-fiber failure or single-MEC node failure (with part or all the servers affected). The different approaches are evaluated in terms of cost and propagation delay from BSs to the primary and backup MEC servers. Results show the advantages of using edge technology instead of a centralized design, and they also suggest that is more convenient to jointly plan the main and backup MEC architecture than to deploy the backup resources over an existent infrastructure.</subfield>
</datafield>
<datafield tag="024" ind2=" " ind1="8">
<subfield code="a">2022 18th International Conference on the Design of Reliable Communication Networks (DRCN), Vilanova i la Geltrú, Spain, 2022, pp. 1-4</subfield>
</datafield>
<datafield tag="024" ind2=" " ind1="8">
<subfield code="a">https://uvadoc.uva.es/handle/10324/62369</subfield>
</datafield>
<datafield tag="024" ind2=" " ind1="8">
<subfield code="a">10.1109/DRCN53993.2022.9758039</subfield>
</datafield>
<datafield tag="245" ind1="0" ind2="0">
<subfield code="a">Resilient planning for multi-access edge computing in sparsely populated areas</subfield>
</datafield>
</record></metadata></record></GetRecord></OAI-PMH>